Mega question bank: Life science, biotechnology and microbiology (Record no. 396022)

MARC details
000 -LEADER
fixed length control field 00476 a2200169 4500
005 - DATE & TIME
control field 20260412112221.0
008 - FIXED-LENGTH DATA ELEMENTS--GENERAL INFORMATION
fixed length control field 260410b |||||||| |||| 00| 0 eng d
020 ## - ISBN
International Standard Book Number 9789392590467
Price Rs. 995.00
040 ## - CATALOGING SOURCE
Original cataloging agency VIVEKANANDA LIBRARY
082 ## - DDC NUMBER
Classification number 570.76
Book Number K144M
100 ## - MAIN ENTRY--PERSONAL NAME
Personal name Kar, Debasish, ed.
245 ## - TITLE STATEMENT
Title Mega question bank: Life science, biotechnology and microbiology
260 ## - PUBLICATION, DISTRIBUTION, ETC. (IMPRINT)
Name of publisher, distributor, etc Scientific Publishers
Date of publication, distribution, etc 2024
Place of publication, distribution, etc Jodhpur
300 ## - PHYSICAL DESCRIPTION
Pages vii, 756
650 ## - Subject
Subject Life Sciences
942 ## - ADDED ENTRY ELEMENTS (KOHA)
Koha item type Books
Holdings
Withdrawn status Lost status Source of classification or shelving scheme Damaged status Not for loan Location (home branch) Sublocation or collection (holding branch) Shelving location Date acquired Koha issues (times borrowed) Koha full call number Accession No. Koha date last seen Koha item type
    Dewey Decimal Classification     VIVEKANANDA LIBRARY VIVEKANANDA LIBRARY Vivekananda Library 22/01/2026   570.76 K144M 444534 22/01/2026 Books
© Designed and Maintained by Vivekananda Library, MDU Rohtak